Manual para el control integral de las nm̤inas 2018

Detalles Bibliográficos
Autor principal: Campero Guerrero, Eladio
Otros Autores: Přez Chv̀ez, Još, Fol Olgun̕, Raymundo
Formato: eBook
Lenguaje:español
Publicado: Ciudad de Mx̌ico: Tax Editores, 2018
Materias:
Acceso en línea:Acceso restringido

MARC

LEADER 00000nam a22000007a 4500
005 20180511235414.0
007 cr|||| ||||
008 180511s2018 mx |||||s|||| 00||0 spa d
020 |a 978-607-629-180-1 
035 |a 21680 
040 |a vLex 
090 |c 7956  |d 7956 
100 1 |a Campero Guerrero, Eladio 
245 1 0 |a Manual para el control integral de las nm̤inas 2018  |h [Recurso electrn̤ico] /  |c Eladio Campero Guerrero, Jos ̌Přez Chv̀ez, Raymundo Fol Olgun̕ 
256 |a Servicio en ln̕ea 
260 |a Ciudad de Mx̌ico:  |b Tax Editores,  |c 2018 
300 |a 1 recurso electrn̤ico 
500 |a La presente obra se enfoca en el anl̀isis del tratamiento fiscal, laboral y de seguridad social de las nm̤inas, adems̀ de cada una de sus partidas como sueldos y salarios, tiempo extra, da̕s de descanso, prima (dominical, vacacional y de antigüedad), vacaciones, aguinaldo, participacin̤ de los trabajadores en las utilidades de las empresas (PTU), previsin̤ social, despensas, premios por asistencia y puntualidad, comisiones, propinas, entre otros. Asimismo, se muestra cada una de las obligaciones que deberǹ cumplir los empleadores al respecto. Este libro est ̀dirigido al personal del departamento de recursos humanos de las empresas, empleadores, trabajadores, estudiantes y, en general, a cualquier persona interesada en conocer las obligaciones fiscales, laborales y de seguridad social relacionadas con el pago de nm̤inas. 
506 1 |a Disponible solo en los productos indicados  |d vLex Global  |d vLex Global (Academic Edition, excluding Law Schools)  |d vLex Global (U.S. Academic Edition, Law Schools)  |d vLex Global (U.S. Academic Edition, excluding Law Schools)  |d vLex Global (Academic Edition, Law Schools) 
650 0 4 |a Derecho Laboral y Seguridad Social  |z Mx̌ico 
650 0 4 |a Derecho Fiscal  |z Mx̌ico 
700 1 |a Přez Chv̀ez, Još 
700 1 |a Fol Olgun̕, Raymundo 
740 0 |a vLex Libros (Servicio en ln̕ea) 
856 4 0 |u http://vlex.com/source/manual-para-el-control-integral-de-las-nominas-2018-21680  |z Acceso restringido 
942 |c BOOK 
999 0 |a Labor Law and Social Security 
999 0 |a Tax Law